[Event "17th Aeroflot Open-A 2019"]
[Site "Moscow"]
[Date "2019.02.21"]
[Round "2.22"]
[White "Stupak, Kirill"]
[Black "Sethuraman, S.P."]
[Result "0-1"]
[WhiteElo "2537"]
[BlackElo "2651"]
[Annotator "TA"]
[PlyCount "70"]
[EventDate "2019.02.19"]
[EventCountry "RUS"]
[SourceTitle "playchess.com"]
[Source "ChessBase"]
[SourceQuality "1"]

{[%evp 21,70,0,5,5,11,16,37,11,16,2,18,0,0,0,2,-11,4,-12,-17,-62,-64,-84,-60,-125,-124,-179,-175,-195,-207,-193,-194,-197,-176,-162,-190,-189,-182,-182,-176,-181,-133,-145,-151,-166,-103,-303,-300,-501,-534,-500,-491]} 1. d4 e6 2. c4 Nf6 3. Nf3 b6 4. g3 Ba6 5. Qa4 Bb7 6. Bg2 c5 7. dxc5 bxc5 8. O-O Be7 9. Nc3 O-O 10. Rd1 Qb6 11. Bf4 Rd8 12. Rd2 {E15: Queen's Indian: 4 g3 sidelines, 4 g3 Ba6 and 4 g3 Bb7 early deviations} d6 13. Rad1 h6 (13... a6 14. g4 Ne8 15. Qc2 Nd7 16. g5 Bc6 17. h4 Qb7 18. Bg3 Nf8 19. b3 Ra7 {1-0 (40) Mikhalevski,V (2574)-Gareyev,T (2584) Saint Louis 2018}) 14. Qb5 {White is slightly better.} Ne8 $1 15. h4 Nc6 $146 ({Predecessor:} 15... Bc6 16. Qxb6 axb6 17. e4 Ra7 18. Ne5 Rc8 19. Nxc6 Nxc6 {½-½ (41) Schneider Zinner,H (2377)-Wertjanz,D (2264) Zwettl 2012}) 16. Qxb6 axb6 17. b3 Nb4 18. g4 Bc6 19. g5 e5 20. Be3 f5 $1 {[%cal Rf5f4] White must now prevent ...f4.} 21. Rb2 Nc7 22. Bc1 ({Better is} 22. gxh6 $15 f4 23. h7+ Kxh7 24. Bd2) 22... e4 $17 23. Ne1 (23. Nd2 $17) 23... d5 $19 24. cxd5 Ncxd5 ({But not} 24... Nbxd5 25. Nxd5 Nxd5 26. f3 $17) 25. Nxd5 Bxd5 ({Resist} 25... Nxd5 26. a4 $17) 26. Bf4 Rxa2 27. Rxa2 Nxa2 28. Bc7 Rd7 {[#] And now ...Nc3 would win.} 29. Bxb6 hxg5 30. hxg5 Nc3 $36 {[%mdl 2048] White is under strong pressure.} 31. Rd2 Be6 32. Rc2 Nb1 ({Black should play} 32... Rb7 $19 {aiming for ...c4.} 33. Bxc5 {[#]} Nxe2+ $1 {[%mdl 576] Deflection} 34. Rxe2 Bxc5) 33. f3 $2 (33. Bxc5 $17 {only move.} Bxc5 34. Rc1) 33... Rd1 ({Less strong is} 33... Bxb3 34. Rb2 $17) 34. Ba5 $2 (34. Bxc5 Bxg5 35. fxe4 Rxe1+ 36. Kf2) 34... Bxb3 35. Rb2 c4 {Accuracy: White = 39%, Black = 78%.} 0-1

[Event "17th Aeroflot Open-A 2019"]
[Site "Moscow"]
[Date "2019.02.21"]
[Round "2.23"]
[White "Anton Guijarro, David"]
[Black "Aryan Chopra"]
[Result "1/2-1/2"]
[WhiteElo "2642"]
[BlackElo "2540"]
[Annotator "RC"]
[PlyCount "69"]
[EventDate "2019.02.19"]
[EventCountry "RUS"]
[SourceTitle "playchess.com"]
[Source "ChessBase"]
[SourceQuality "1"]
[TimeControl "40/5400+30:1800+30"]

1. c4 {[%emt 0:00:00]} Nf6 {[%emt 0:00:00]} 2. Nc3 {[%emt 0:00:00]} g6 {[%emt 0:00:00]} 3. e4 {[%emt 0:00:27]} d6 {[%emt 0:00:00]} 4. d4 {[%emt 0:00:06]} Bg7 {[%emt 0:00:00]} 5. h3 {[%emt 0:00:16]} O-O {[%emt 0:00:00]} 6. Be3 {[%emt 0:00:12]} e5 {[%emt 0:00:11]} 7. d5 {[%emt 0:00:24]} Na6 {[%emt 0:00:20]} 8. g4 {[%emt 0:02:12]} Nc5 {[%emt 0:00:12]} 9. f3 {[%emt 0:00:17]} c6 {[%emt 0:00:24]} 10. Qd2 {[%emt 0:03:59]} cxd5 {[%emt 0:00:14]} 11. cxd5 {[%emt 0:00:38]} Bd7 {[%emt 0:00:21]} 12. Nge2 {[%emt 0:08:07]} Rc8 {[%emt 0:00:23]} 13. b4 {[%emt 0:16:59]} Na4 {[%emt 0:00:16]} 14. Nxa4 {[%emt 0:03:08]} Bxa4 {[%emt 0:00:05]} 15. Nc3 {[%emt 0:02:49]} Bd7 {[%emt 0:01:27]} 16. Rc1 {[%emt 0:09:21]} a6 {[%emt 0:20:26]} 17. Be2 {[%emt 0:11:36]} h5 {[%emt 0:12:55]} 18. a4 {[%emt 0:01:25]} h4 {[%emt 0:06:03]} 19. O-O {[%emt 0:03:12]} Nh7 {[%emt 0:00:31]} 20. b5 {[%emt 0:03:04]} Qa5 {[%emt 0:13:59]} 21. Rc2 {[%emt 0:07:46]} Bf6 {[%emt 0:01:57]} 22. Rfc1 {[%emt 0:02:45]} Bd8 {[%emt 0:07:22]} 23. Nd1 {[%emt 0:04:39]} Qxd2 {[%emt 0:13:49]} 24. Bxd2 {[%emt 0:00:06]} Bb6+ {[%emt 0:00:17]} 25. Be3 {[%emt 0:02:21]} Bxe3+ {[%emt 0:08:11]} 26. Nxe3 {[%emt 0:00:05]} axb5 {[%emt 0:00:10]} 27. Rxc8 {[%emt 0:08:49]} Rxc8 {[%emt 0:00:29]} 28. Rxc8+ {[%emt 0:00:06]} Bxc8 {[%emt 0:00:03]} 29. axb5 {[%emt 0:01:08]} Kf8 {[%emt 0:01:42]} 30. b6 {[%emt 0:02:01]} Ke7 {[%emt 0:02:18]} 31. Bb5 {[%emt 0:01:51]} Bd7 {[%emt 0:01:54]} 32. Bc6 {[%emt 0:01:06]} Bc8 {[%emt 0:00:19]} 33. Bb5 {[%emt 0:01:54]} Bd7 {[%emt 0:00:06]} 34. Bc6 {[%emt 0:00:45]} Bc8 {[%emt 0:00:01]} 35. Bb5 {[%emt 0:01:29]} 1/2-1/2

[Event "17th Aeroflot Open-A 2019"]
[Site "Moscow"]
[Date "2019.02.21"]
[Round "2.24"]
[White "Ghaem Maghami, Ehsan"]
[Black "Zvjaginsev, Vadim"]
[Result "1/2-1/2"]
[WhiteElo "2540"]
[BlackElo "2642"]
[Annotator "ChessBase"]
[PlyCount "41"]
[EventDate "2019.02.19"]
[EventCountry "RUS"]
[SourceTitle "playchess.com"]
[Source "ChessBase"]
[SourceQuality "1"]
[TimeControl "40/5400+30:1800+30"]

1. e4 {[%emt 0:00:00]} e6 {[%emt 0:05:25]} 2. d4 {[%emt 0:00:00]} d5 {[%emt 0:00:06]} 3. Nd2 {[%emt 0:00:37]} c5 {[%emt 0:00:31]} 4. exd5 {[%emt 0:06:00]} exd5 {[%emt 0:00:23]} 5. Ngf3 {[%emt 0:02:49]} a6 {[%emt 0:01:25]} 6. dxc5 {[%emt 0:02:08]} Bxc5 {[%emt 0:00:18]} 7. Nb3 {[%emt 0:01:25]} Bb6 {[%emt 0:01:13]} 8. Bd3 {[%emt 0:03:34]} Qe7+ {[%emt 0:11:35]} 9. Qe2 {[%emt 0:01:47]} Nc6 {[%emt 0:00:16]} 10. Bg5 {[%emt 0:15:54]} Qxe2+ {[%emt 0:07:15]} 11. Kxe2 {[%emt 0:05:20]} Nf6 {[%emt 0:10:02]} 12. Bxf6 {[%emt 0:07:41]} gxf6 {[%emt 0:00:05]} 13. Rhe1 {[%emt 0:00:12]} O-O {[%emt 0:04:17]} 14. Kf1 {[%emt 0:05:35]} Bg4 {[%emt 0:02:03]} 15. Be2 {[%emt 0:04:12]} Bf5 {[%emt 0:10:11]} 16. c3 {[%emt 0:02:56]} Rfd8 {[%emt 0:00:45]} 17. Nbd4 {[%emt 0:14:31]} Nxd4 {[%emt 0:12:10]} 18. Nxd4 {[%emt 0:00:50]} Bxd4 {[%emt 0:00:06]} 19. cxd4 {[%emt 0:00:06]} Rd6 {[%emt 0:00:12]} 20. Rac1 {[%emt 0:04:17]} Rb6 {[%emt 0:00:39]} 21. b3 {[%emt 0:01:53]} 1/2-1/2

[Event "17th Aeroflot Open-A 2019"]
[Site "Moscow"]
[Date "2019.02.21"]
[Round "2.25"]
[White "Iturrizaga Bonelli, Eduardo"]
[Black "Xu, Yinglun"]
[Result "1/2-1/2"]
[WhiteElo "2640"]
[BlackElo "2512"]
[Annotator "RC"]
[PlyCount "29"]
[EventDate "2019.02.19"]
[EventCountry "RUS"]
[SourceTitle "playchess.com"]
[Source "ChessBase"]
[SourceQuality "1"]
[TimeControl "40/5400+30:1800+30"]

1. d4 {[%emt 0:08:23]} d5 {[%emt 0:00:00]} 2. Nf3 {[%emt 0:00:11]} Nf6 {[%emt 0:00:17]} 3. c4 {[%emt 0:00:05]} e6 {[%emt 0:00:55]} 4. g3 {[%emt 0:00:08]} dxc4 {[%emt 0:01:31]} 5. Bg2 {[%emt 0:00:35]} c6 {[%emt 0:00:28]} 6. a4 {[%emt 0:01:20]} Bb4+ {[%emt 0:02:11]} 7. Bd2 {[%emt 0:01:12]} a5 {[%emt 0:00:14]} 8. Qc2 {[%emt 0:01:16]} O-O {[%emt 0:05:23]} 9. O-O {[%emt 0:02:08]} Bxd2 {[%emt 0:11:36]} 10. Nfxd2 {[%emt 0:06:03]} Qxd4 {[%emt 0:13:55]} 11. Nxc4 {[%emt 0:00:23]} e5 {[%emt 0:03:09]} 12. Qc3 {[%emt 0:12:06]} Qxc3 {[%emt 0:06:54]} 13. Nxc3 {[%emt 0:02:16]} Be6 {[%emt 0:00:53]} 14. Nxe5 {[%emt 0:00:10]} Na6 {[%emt 0:00:08]} 15. Nd3 {[%emt 0:04:53]} 1/2-1/2

[Event "17th Aeroflot Open-A 2019"]
[Site "Moscow"]
[Date "2019.02.21"]
[Round "2.26"]
[White "Iniyan, P."]
[Black "Kobalia, Mikhail"]
[Result "1/2-1/2"]
[WhiteElo "2480"]
[BlackElo "2627"]
[Annotator "TA"]
[PlyCount "34"]
[EventDate "2019.02.19"]
[EventCountry "RUS"]
[SourceTitle "playchess.com"]
[Source "ChessBase"]
[SourceQuality "1"]

{[%evp 9,34,9,8,14,38,-7,8,10,24,21,23,0,21,18,28,18,31,0,34,22,53,5,4,0,52,0,14]} 1. d4 d5 2. c4 c6 3. Nf3 Nf6 4. Nc3 a6 5. g3 dxc4 6. a4 {D15: Slav Defence: 4 Nc3 a6 and gambit lines after 4 Nc3 dxc4} a5 7. Bg2 {[%mdl 1024] White has compensation.} g6 8. O-O Bg7 9. e4 Bg4 10. Qe2 $146 ({Predecessor:} 10. Be3 e5 11. dxe5 Nfd7 12. e6 fxe6 13. Qc2 Bxf3 14. Bxf3 {½-½ (63) Wang,Y (2697)-Kamsky,G (2732) Beijing 2011}) 10... O-O 11. Qxc4 Na6 12. Be3 Nb4 13. Rac1 Nd7 14. Rfd1 Nb6 15. Qc5 Nd7 16. Qc4 Nb6 17. Qc5 Nd7 {Accuracy: White = 56%, Black = 44%.} 1/2-1/2

[Event "17th Aeroflot Open-A 2019"]
[Site "Moscow"]
[Date "2019.02.21"]
[Round "2.27"]
[White "Paravyan, David"]
[Black "Debashis, Das"]
[Result "0-1"]
[WhiteElo "2627"]
[BlackElo "2532"]
[Annotator "TA"]
[PlyCount "56"]
[EventDate "2019.02.19"]
[EventCountry "RUS"]
[SourceTitle "playchess.com"]
[Source "ChessBase"]
[SourceQuality "1"]

{[%evp 9,56,0,0,0,0,0,0,5,7,0,18,0,0,8,0,0,0,0,0,-2,0,-31,-21,-35,0,-64,-72,-182,-129,-312,-340,-383,-368,-401,-404,-391,-86,-188,-180,-195,-204,-433,-216,-486,-479,-469,-466,-813,-806]} 1. d4 Nf6 2. c4 e6 3. Nf3 b6 4. g3 Ba6 5. Qc2 c5 6. d5 {E15: Queen's Indian: 4 g3 sidelines, 4 g3 Ba6 and 4 g3 Bb7 early deviations} exd5 7. cxd5 Bb7 (7... d6 8. Nc3 b5 9. e4 Qa5 10. b4 cxb4 11. Nxb5 Kd8 12. Nfd4 Bxb5 13. Bxb5 b3+ {1-0 (28) Grischuk,A (2752)-Mamedyarov,S (2762) Germany 2016}) 8. Bg2 {The position is equal.} Nxd5 9. O-O {Threatens to win with Ng5.} Be7 10. Rd1 Nc6 11. Qa4 ({Avoid the trap} 11. Rxd5 $2 Nb4 $17) 11... Nf6 12. e4 {White wants to play e5.} O-O 13. e5 Ne8 $1 14. Nc3 Nc7 {[#]} 15. h4 $146 Qe8 16. h5 f5 17. exf6 ({Better is} 17. h6 $1 $11) 17... Bxf6 $15 {Strongly threatening ...Nd4.} 18. Ng5 (18. Ne4 $17) 18... h6 (18... Bd4 $19 19. Bf4 h6) 19. Nge4 $2 {[#]} (19. Nd5 $17 Nxd5 20. Bxd5+ Kh8 21. Nh3) 19... Bd4 $19 20. Bf4 Ne6 21. Nd6 Qxh5 22. Nd5 Rab8 $2 (22... Nb4 $19 {is more deadly.} 23. Rxd4 (23. Ne7+ $2 Kh8 $19) 23... Bxd5) 23. Rd2 (23. Nxb7 $17 Rxb7 24. Rd2) 23... Ba8 24. Re1 Kh8 {...Nb4 is the strong threat.} 25. a3 $2 {[#]} (25. Qd1 {was called for.} Qxd1 26. Rexd1) 25... Rbd8 (25... Ne7 $142 $1 {[%mdl 512]} 26. Qd1 (26. Nxe7 Bxg2) 26... Qxd1 27. Rexd1 Bxd5 28. Nf7+ Rxf7 29. Bxb8 Bb3) 26. b4 $2 (26. Qd1 Qxd1 27. Rexd1) 26... Nxb4 {Black is clearly winning.} 27. axb4 Bxd5 28. Bxd5 (28. Qd1 $142 Qxd1 29. Rexd1 Nxf4 30. gxf4 Bxg2 31. Kxg2) 28... Qxd5 {Accuracy: White = 30%, Black = 61%.} 0-1

[Event "17th Aeroflot Open-A 2019"]
[Site "Moscow"]
[Date "2019.02.21"]
[Round "2.28"]
[White "Khismatullin, Denis"]
[Black "Henderson de La Fuente, Lance"]
[Result "1-0"]
[WhiteElo "2621"]
[BlackElo "2490"]
[Annotator "ChessBase"]
[PlyCount "305"]
[EventDate "2019.02.19"]
[EventCountry "RUS"]
[SourceTitle "playchess.com"]
[Source "ChessBase"]
[SourceQuality "1"]
[TimeControl "40/5400+30:1800+30"]

1. d4 {[%emt 0:00:00]} Nf6 {[%emt 0:00:00]} 2. c4 {[%emt 0:00:00]} e6 {[%emt 0:00:01]} 3. Nf3 {[%emt 0:00:00]} b6 {[%emt 0:00:12]} 4. g3 {[%emt 0:00:00]} Bb7 {[%emt 0:00:05]} 5. Bg2 {[%emt 0:00:00]} Be7 {[%emt 0:00:11]} 6. O-O {[%emt 0:00:05]} O-O {[%emt 0:00:04]} 7. Re1 {[%emt 0:00:04]} d5 {[%emt 0:00:42]} 8. cxd5 {[%emt 0:00:08]} exd5 {[%emt 0:00:05]} 9. Nc3 {[%emt 0:00:05]} Nbd7 {[%emt 0:00:47]} 10. Bf4 {[%emt 0:02:07]} c5 {[%emt 0:00:32]} 11. Rc1 {[%emt 0:00:44]} Ne4 {[%emt 0:00:58]} 12. dxc5 {[%emt 0:00:09]} Nxc3 {[%emt 0:00:43]} 13. Rxc3 {[%emt 0:07:21]} Nxc5 {[%emt 0:00:50]} 14. Be5 {[%emt 0:04:49]} Re8 {[%emt 0:05:09]} 15. e3 {[%emt 0:07:57]} Qd7 {[%emt 0:10:42]} 16. Qc2 {[%emt 0:24:39]} Rac8 {[%emt 0:01:13]} 17. Rd1 {[%emt 0:06:10]} Qe6 {[%emt 0:15:29]} 18. Bd4 {[%emt 0:12:16]} h6 {[%emt 0:04:58]} 19. b4 {[%emt 0:03:39]} Ne4 {[%emt 0:01:59]} 20. Rxc8 {[%emt 0:00:06]} Rxc8 {[%emt 0:00:19]} 21. Qb2 {[%emt 0:00:04]} Bf8 {[%emt 0:02:50]} 22. Ne5 {[%emt 0:00:39]} Nd6 {[%emt 0:05:09]} 23. Nd3 {[%emt 0:01:43]} Nb5 {[%emt 0:15:54]} 24. Nf4 {[%emt 0:04:24]} Qd6 {[%emt 0:00:29]} 25. a3 {[%emt 0:02:48]} Nxd4 {[%emt 0:04:15]} 26. Qxd4 {[%emt 0:04:09]} a5 {[%emt 0:03:25]} 27. Bxd5 {[%emt 0:06:37]} Bxd5 {[%emt 0:00:12]} 28. Nxd5 {[%emt 0:00:05]} axb4 {[%emt 0:00:13]} 29. axb4 {[%emt 0:00:22]} b5 {[%emt 0:00:51]} 30. Qa7 {[%emt 0:05:06]} Qc6 {[%emt 0:04:18]} 31. Ne7+ {[%emt 0:02:34]} Bxe7 {[%emt 0:00:24]} 32. Qxe7 {[%emt 0:00:02]} Re8 {[%emt 0:02:10]} 33. Qd7 {[%emt 0:05:11]} Qxd7 {[%emt 0:12:46]} 34. Rxd7 {[%emt 0:00:02]} Re4 {[%emt 0:00:31]} 35. Rd8+ {[%emt 0:01:35]} Kh7 {[%emt 0:00:02]} 36. Rd4 {[%emt 0:00:07]} Rxd4 {[%emt 0:07:12]} 37. exd4 {[%emt 0:00:02]} Kg6 {[%emt 0:00:07]} 38. f3 {[%emt 0:02:02]} Kf5 {[%emt 0:01:10]} 39. Kf2 {[%emt 0:00:06]} Ke6 {[%emt 0:00:05]} 40. Ke3 {[%emt 0:00:00]} Kd5 {[%emt 0:00:00]} 41. Kd3 {[%emt 0:07:04]} g6 {[%emt 0:09:45]} 42. Kc3 {[%emt 0:17:46]} Kd6 {[%emt 0:01:20]} 43. Kd2 {[%emt 0:00:24]} Kd5 {[%emt 0:01:45]} 44. Kd3 {[%emt 0:00:37]} f5 {[%emt 0:00:29]} 45. Kc3 {[%emt 0:06:30]} Kd6 {[%emt 0:00:10]} 46. Kd2 {[%emt 0:00:10]} Ke6 {[%emt 0:00:58]} 47. Kd3 {[%emt 0:02:16]} Kd6 {[%emt 0:00:36]} 48. g4 {[%emt 0:00:40]} Kd5 {[%emt 0:01:34]} 49. h3 {[%emt 0:00:30]} Kd6 {[%emt 0:02:09]} 50. h4 {[%emt 0:00:20]} h5 {[%emt 0:01:01]} 51. gxf5 {[%emt 0:00:32]} gxf5 {[%emt 0:00:00]} 52. Ke3 {[%emt 0:00:08]} Kd5 {[%emt 0:00:00]} 53. Kf4 {[%emt 0:00:06]} Kxd4 {[%emt 0:00:00]} 54. Kxf5 {[%emt 0:01:23]} Kc4 {[%emt 0:00:00]} 55. f4 {[%emt 0:00:17]} Kxb4 {[%emt 0:00:27]} 56. Kg5 {[%emt 0:00:15]} Kc4 {[%emt 0:01:53]} 57. f5 {[%emt 0:00:04]} b4 {[%emt 0:00:04]} 58. f6 {[%emt 0:00:03]} b3 {[%emt 0:00:04]} 59. f7 {[%emt 0:00:03]} b2 {[%emt 0:00:04]} 60. f8=Q {[%emt 0:00:11]} b1=Q {[%emt 0:00:03]} 61. Qf7+ {[%emt 0:02:16]} Kd4 {[%emt 0:00:34]} 62. Kxh5 {[%emt 0:00:49]} Qd1+ {[%emt 0:01:51]} 63. Kh6 {[%emt 0:00:13]} Ke3 {[%emt 0:02:35]} 64. Qf6 {[%emt 0:00:50]} Qd7 {[%emt 0:00:50]} 65. h5 {[%emt 0:00:24]} Ke2 {[%emt 0:00:36]} 66. Qe5+ {[%emt 0:00:34]} Kd1 {[%emt 0:01:00]} 67. Kg5 {[%emt 0:00:32]} Qd8+ {[%emt 0:00:31]} 68. Kg6 {[%emt 0:00:31]} Qg8+ {[%emt 0:00:35]} 69. Kh6 {[%emt 0:00:25]} Qf8+ {[%emt 0:00:20]} 70. Kg5 {[%emt 0:00:18]} Qg8+ {[%emt 0:00:23]} 71. Kh4 {[%emt 0:00:30]} Qf8 {[%emt 0:00:42]} 72. Qd4+ {[%emt 0:00:45]} Kc2 {[%emt 0:01:47]} 73. Kg5 {[%emt 0:00:27]} Qg8+ {[%emt 0:00:43]} 74. Kh6 {[%emt 0:00:13]} Qe6+ {[%emt 0:00:04]} 75. Kg5 {[%emt 0:00:37]} Qg8+ {[%emt 0:00:05]} 76. Kh4 {[%emt 0:00:12]} Qf8 {[%emt 0:00:17]} 77. Qe4+ {[%emt 0:01:00]} Kd1 {[%emt 0:00:34]} 78. Qe5 {[%emt 0:00:27]} Qf2+ {[%emt 0:02:41]} 79. Kg5 {[%emt 0:00:11]} Qg2+ {[%emt 0:00:32]} 80. Kf6 {[%emt 0:00:40]} Qc6+ {[%emt 0:01:10]} 81. Kf5 {[%emt 0:00:38]} Qd7+ {[%emt 0:01:03]} 82. Kf6 {[%emt 0:00:37]} Qd8+ {[%emt 0:00:21]} 83. Kg7 {[%emt 0:00:27]} Qd7+ {[%emt 0:00:15]} 84. Kf6 {[%emt 0:00:29]} Qd8+ {[%emt 0:00:06]} 85. Kf7 {[%emt 0:00:18]} Qd7+ {[%emt 0:00:04]} 86. Kg6 {[%emt 0:00:05]} Qc6+ {[%emt 0:00:27]} 87. Kg5 {[%emt 0:00:50]} Qg2+ {[%emt 0:00:08]} 88. Kh4 {[%emt 0:00:25]} Qf2+ {[%emt 0:00:11]} 89. Qg3 {[%emt 0:00:21]} Qf6+ {[%emt 0:00:06]} 90. Kh3 {[%emt 0:00:31]} Qf1+ {[%emt 0:00:27]} 91. Kg4 {[%emt 0:00:29]} Qc4+ {[%emt 0:00:07]} 92. Qf4 {[%emt 0:00:14]} Qg8+ {[%emt 0:00:28]} 93. Kh3 {[%emt 0:00:35]} Qb3+ {[%emt 0:00:55]} 94. Kh4 {[%emt 0:00:46]} Qd5 {[%emt 0:01:57]} 95. h6 {[%emt 0:00:39]} Qh1+ {[%emt 0:00:24]} 96. Kg4 {[%emt 0:00:47]} Qg2+ {[%emt 0:00:32]} 97. Kf5 {[%emt 0:00:25]} Qd5+ {[%emt 0:00:17]} 98. Qe5 {[%emt 0:00:38]} Qd7+ {[%emt 0:01:23]} 99. Qe6 {[%emt 0:00:28]} Qd3+ {[%emt 0:00:36]} 100. Qe4 {[%emt 0:00:30]} Qd7+ {[%emt 0:00:15]} 101. Kg5 {[%emt 0:00:19]} Qd2+ {[%emt 0:00:56]} 102. Kg6 {[%emt 0:00:44]} Qd6+ {[%emt 0:00:13]} 103. Kg5 {[%emt 0:00:26]} Qd2+ {[%emt 0:00:05]} 104. Qf4 {[%emt 0:00:31]} Qd5+ {[%emt 0:00:46]} 105. Qf5 {[%emt 0:00:28]} Qd2+ {[%emt 0:00:50]} 106. Qf4 {[%emt 0:00:33]} Qd5+ {[%emt 0:00:05]} 107. Kg6 {[%emt 0:00:32]} Qe6+ {[%emt 0:01:12]} 108. Kg7 {[%emt 0:00:22]} Qe7+ {[%emt 0:00:31]} 109. Qf7 {[%emt 0:00:37]} Qe5+ {[%emt 0:00:20]} 110. Kg8 {[%emt 0:00:32]} Qg3+ {[%emt 0:00:36]} 111. Kh7 {[%emt 0:00:28]} Qd3+ {[%emt 0:00:14]} 112. Kh8 {[%emt 0:00:25]} Qd4+ {[%emt 0:00:21]} 113. Kg8 {[%emt 0:00:16]} Qd8+ {[%emt 0:00:19]} 114. Qf8 {[%emt 0:00:25]} Qd5+ {[%emt 0:00:12]} 115. Kg7 {[%emt 0:00:20]} Qd4+ {[%emt 0:00:13]} 116. Qf6 {[%emt 0:00:17]} Qd7+ {[%emt 0:00:15]} 117. Kg6 {[%emt 0:00:05]} Qd3+ {[%emt 0:00:20]} 118. Kf7 {[%emt 0:00:59]} Qd7+ {[%emt 0:01:02]} 119. Kf8 {[%emt 0:00:31]} Qc8+ {[%emt 0:00:13]} 120. Ke7 {[%emt 0:00:05]} Qb7+ {[%emt 0:00:25]} 121. Ke8 {[%emt 0:00:21]} Qb5+ {[%emt 0:00:36]} 122. Ke7 {[%emt 0:00:57]} Qb7+ {[%emt 0:00:10]} 123. Ke6 {[%emt 0:00:53]} Qc6+ {[%emt 0:00:32]} 124. Ke5 {[%emt 0:00:20]} Qc3+ {[%emt 0:00:18]} 125. Kf5 {[%emt 0:00:04]} Qd3+ {[%emt 0:00:12]} 126. Ke6 {[%emt 0:00:25]} Qc4+ {[%emt 0:00:12]} 127. Kd7 {[%emt 0:00:07]} Qa4+ {[%emt 0:00:54]} 128. Qc6 {[%emt 0:00:22]} Qh4 {[%emt 0:04:46]} 129. Kc8 {[%emt 0:02:00]} Ke1 {[%emt 0:03:16]} 130. Qe6+ {[%emt 0:00:30]} Kf1 {[%emt 0:01:32]} 131. Qf5+ {[%emt 0:00:33]} Ke1 {[%emt 0:00:45]} 132. h7 {[%emt 0:00:14]} Qc4+ {[%emt 0:00:14]} 133. Kd8 {[%emt 0:00:42]} Qd4+ {[%emt 0:00:19]} 134. Ke8 {[%emt 0:00:39]} Qa4+ {[%emt 0:01:27]} 135. Kf7 {[%emt 0:00:27]} Qa7+ {[%emt 0:02:33]} 136. Kf6 {[%emt 0:00:32]} Qa8 {[%emt 0:00:39]} 137. Qb1+ {[%emt 0:00:31]} Kd2 {[%emt 0:00:38]} 138. Qb4+ {[%emt 0:00:16]} Kc2 {[%emt 0:00:22]} 139. Qc4+ {[%emt 0:00:20]} Kb1 {[%emt 0:00:17]} 140. Qf1+ {[%emt 0:00:14]} Kb2 {[%emt 0:00:10]} 141. Qf2+ {[%emt 0:00:09]} Kb1 {[%emt 0:01:18]} 142. Qg1+ {[%emt 0:00:08]} Kb2 {[%emt 0:00:10]} 143. Qh2+ {[%emt 0:01:46]} Kb1 {[%emt 0:00:17]} 144. h8=Q {[%emt 0:00:28]} Qf3+ {[%emt 0:01:01]} 145. Kg5 {[%emt 0:00:34]} Qe3+ {[%emt 0:01:11]} 146. Qf4 {[%emt 0:00:31]} Qg1+ {[%emt 0:00:12]} 147. Kf5 {[%emt 0:00:36]} Qc5+ {[%emt 0:00:07]} 148. Qhe5 {[%emt 0:00:15]} Qf8+ {[%emt 0:00:13]} 149. Kg4 {[%emt 0:00:15]} Qg8+ {[%emt 0:00:07]} 150. Qeg5 {[%emt 0:00:09]} Qb3 {[%emt 0:00:35]} 151. Qc1+ {[%emt 0:00:10]} Ka2 {[%emt 0:00:05]} 152. Qa5+ {[%emt 0:00:07]} Qa4+ {[%emt 0:00:05]} 153. Qxa4# {[%emt 0:00:05]} 1-0

[Event "17th Aeroflot Open-A 2019"]
[Site "Moscow"]
[Date "2019.02.21"]
[Round "2.29"]
[White "Goganov, Aleksey"]
[Black "Afanasiev, Nikita"]
[Result "1/2-1/2"]
[WhiteElo "2612"]
[BlackElo "2508"]
[Annotator "TA"]
[PlyCount "88"]
[EventDate "2019.02.19"]
[EventCountry "RUS"]
[SourceTitle "playchess.com"]
[Source "ChessBase"]
[SourceQuality "1"]

{[%evp 18,88,27,25,21,30,49,55,58,-13,-7,0,12,6,10,11,7,-6,-3,-10,-4,-13,-2,-2,-3,-10,-2,-24,-24,-24,-20,-20,-16,-12,-14,-17,-23,-17,-8,-9,-10,-8,-9,-9,-9,-10,0,0,0,0,0,0,0,0,0,0,0,0,0,0,0,0,0,0,0,0,0,0,0,0,0,0,0]} 1. d4 Nf6 2. c4 g6 3. Nc3 d5 4. Bg5 Ne4 5. Bh4 Nxc3 6. bxc3 Bg7 7. cxd5 Qxd5 8. e3 c5 9. Nf3 Nc6 10. Be2 b6 {D91: Grünfeld: 4 Nf3 Bg7 5 Bg5} (10... cxd4 11. cxd4 O-O 12. O-O Bf5 13. h3 Rac8 14. Qb3 Qxb3 15. axb3 a6 16. g4 Be4 17. Nd2 Bd5 18. Nc4 Rcd8 19. Rac1 Rfe8 20. Rfd1 Nb4 {1-0 (60) Tomashevsky,E (2747)-Khairullin,I (2662) Chita 2015}) 11. O-O cxd4 $146 ({Predecessor:} 11... Bb7 12. Rb1 cxd4 13. cxd4 O-O 14. Qa4 e6 15. Rfc1 {1-0 (45) Meinzer,D (2225)-Johne,S (2012) Germany 2009}) 12. Nxd4 Bd7 {White is slightly better.} 13. Bf3 (13. Nb5 $14 Qxd1 14. Rfxd1 (14. Raxd1 Rc8 $14)) 13... Qc5 $11 14. Nb3 Qc4 15. Bg3 Rc8 16. Bd5 Qg4 17. Rc1 (17. f3 {with more complications.} Qf5 18. e4 Qf6 19. f4 e6 20. e5) 17... Qxd1 18. Rfxd1 e6 19. Bc4 Nb8 20. Be2 Ba4 21. Bd6 Bf6 22. Bf3 Nc6 23. c4 {[%cal Bc3c4,Bc4c5][%mdl 32]} Be7 24. c5 Bxd6 25. Rxd6 {Strongly threatening Bxc6+.} Ke7 26. Rd2 Ne5 27. Be2 Bxb3 {The position is equal.} 28. axb3 Rxc5 29. Rxc5 bxc5 {[%mdl 4096] Endgame KRB-KRN} 30. Ra2 Ra8 31. f4 Nd7 32. Bf3 Rb8 33. Rxa7 Rxb3 34. Bc6 Rd3 35. Kf2 c4 36. Ke2 Rd6 37. Bb5 c3 38. Rxd7+ Rxd7 39. Bxd7 {[#] Threatens to win with Ba4.} Kxd7 {KP-KP} (39... c2 $5 40. Kd2 $8 Kxd7 $11) 40. Kd3 Kd6 41. Kxc3 Kd5 42. Kd3 f5 43. h3 h6 44. g3 e5 {Accuracy: White = 75%, Black = 75%.} 1/2-1/2